| 000 | 00753nam a2200253Ia 4500 | ||
|---|---|---|---|
| 003 | OSt | ||
| 005 | 20220928104844.0 | ||
| 006 | a|||||r|||| 00| 0 | ||
| 007 | ta | ||
| 008 | 220927b |||||||| |||| 00| 0 hin d | ||
| 020 | _c625 | ||
| 024 | _a113496 | ||
| 037 |
_b1567, 22/11/2011, Kiran Book Service _cTextual |
||
| 040 |
_aSDCL _cSDCL _bhin |
||
| 041 |
_2hin _ahin |
||
| 082 | _aO152,1:gxN11, Q1 | ||
| 100 |
_aPandey Rajesh Chandra _9412505 |
||
| 245 | 0 | _aAagya krit naye kavyalochana. | |
| 260 |
_aNew Delhi _bNaman Prakashan _c2011 |
||
| 300 |
_a311p. _ccm. |
||
| 650 |
_aHindi _9391598 |
||
| 942 |
_hO152,1:gxN11, Q1 _cTEXL _2CC |
||
| 999 |
_c728229 _d728229 |
||